000 00443nam a2200181Ia 4500
001 22458
005 20260414150832.0
008 260414t2001||||xx |||||||||||||| ||spa||
041 _aESP
082 _a621.38133
_bC75
100 _aCollin, Robert E.
_eAUT
245 0 _aFoundations for microwave engineering
_b
260 _c2001
300 _axix, 924 páginas :
_c24 cm.
650 _aTCA
654 _aCET
942 _cLIB
_dJUS
_fJUS
_2ddc
_n
999 _c22458
_d22458